000 00604cam a2200217 i 4500
001 26125
003 BD-RjUL
005 20211209050956.0
008 140320s1975 kn 000 0 eng
035 _a(BD-RjUL)26195
040 _aDLC
_cDLC
_dDLC
_dBD-RjUL
_beng
041 _aeng
082 0 0 _a951.9043
_bKOR 1975
245 0 0 _aKorea must be reunified independently /
260 _aPyongyang :
_bForeign Languages Pub. House,
_c1975.
300 _a174 p. ;
_c19 cm.
650 0 _aKorean reunification question (1945- )
_925431
942 _2ddc
_cBK
999 _c26125
_d26125